Quelle ville commençant par H? - Statistiques

Statistiques générales
  • Ce quiz a été pris 511 fois
  • Le résultat moyen est 10 sur 16
Statistiques - réponses
Hint Réponse % Correct
Une bombe atomique la détruisit le 6 août 1945 Hiroshima
99%
Capitale de la Finlande Helsinki
98%
Premier port d'Allemagne Hambourg
95%
Capitale du Viêt Nam Hanoï
89%
Capitale de l'état d'Hawaii Honolulu
81%
L'une des deux Région Administrative Spéciale de la Chine avec Macao Hong Kong
80%
C'est la plus grande ville du sud des U.S.A Houston
76%
Autrefois elle s'appelait officiellement Saïgon Hô-Chi-Minh Ville
65%
Capitale du Zimbabwe Harare
61%
Principale ville de la Crète Héraklion
52%
Capitale du Land allemand de Basse-Saxe Hanovre
48%
Elle a donné son nom à une bataille anglaise célèbre qui eut lieu en 1066 Hastings
42%
Capitale des Îles Salomon Honiara
33%
Ville la plus peuplée de Tasmanie Hobart
20%
Capitale de l'état du Telangana, en Inde Hyderabad
16%
La marque d'automobile Honda fut fondée dans cette ville Hamamatsu
3%
Aucun quiz correspondant
Distribution des résultats
% des personnes avec chaque résultat
Percentile par nombre de réponses
Votre historique - résultats
Vous n’avez pas pris ce quiz